MARC details
| 000 -CABECERA |
| campo de control de longitud fija |
02635nam a2200301 a 4500 |
| 001 - NÚMERO DE CONTROL |
| campo de control |
BRCA_2580 |
| 005 - FECHA Y HORA DE LA ÚLTIMA TRANSACCIÓN |
| campo de control |
20190320203856.0 |
| 008 - DATOS DE LONGITUD FIJA--INFORMACIÓN GENERAL |
| campo de control de longitud fija |
271108s1876----sp-#---###---#000-0dspa-u |
| 041 ## - CÓDIGO DE LENGUA |
| Código de lengua del texto/banda sonora o título independiente |
spa |
| 044 ## - CÓDIGO DEL PAÍS DE LA ENTIDAD EDITORA/PRODUCTORA |
| Código MARC del país |
sp |
| 084 ## - OTRO NÚMERO DE CLASIFICACIÓN |
| Número de clasificación |
174 |
| Número de documento/Ítem |
.R64 |
| -- |
1876 |
| 100 1# - ENTRADA PRINCIPAL--NOMBRE DE PERSONA |
| Nombre de persona |
Cervantes Saavedra, Miguel de |
| Fechas asociadas al nombre |
1547-1616 |
| 9 (RLIN) |
213 |
| 245 10 - MENCIÓN DE TÍTULO |
| Título |
El Ingenioso Hidalgo Don Quijote de la Mancha |
| Mención de responsabilidad, etc. |
por Miguel de Cervantes Saavedra. |
| 260 ## - PUBLICACIÓN, DISTRIBUCIÓN, ETC. |
| Lugar de publicación, distribución, etc. |
Cádiz (España) |
| Nombre del editor, distribuidor, etc. |
José Rodríguez y Rodríguez |
| Fecha de publicación, distribución, etc. |
1876 |
| 300 ## - DESCRIPCIÓN FÍSICA |
| Extensión |
5 v. |
| Dimensiones |
21 cm. |
| 500 ## - NOTA GENERAL |
| Nota general |
Contenido : v 1. Vida de Miguel de Cervantes Saavedra por Ramón León Mainez. -- v 2. Primera parte. Advertencia de Máinez. Dedicatoria del autor. Prólogo del autor. Versos preliminares, comentario y notas, apéndices y mapa del Campo de Montiel en 1575. Texto. -- v 3. Texto. Notas y apéndices. v 4. Segunda parte. Prólogo del autor. Apéndices. Texto. -- v 5. Texto |
| 500 ## - NOTA GENERAL |
| Nota general |
Edición : Dirigido al Duque de Bejar. Impreso por primera vez en Madrid por Juan de la Cuesta el año de 1605, y ahora de nuevo publicado por vez primera en Cádiz por José Rodríguez y Rodríguez, bajo la dirección de Ramón León Máinez, Director de la Crónica de los Cervantistas |
| 500 ## - NOTA GENERAL |
| Nota general |
En esta edición, el entusiasta y renombrado cervantista, León Máinez, restableció casi íntegro el texto de la edición príncipe e hizo un detenido estudio del Quijote, pero tomó en cuenta las enmiendas de la tercera de Cuesta (1608), varias de las cuales son arbitrarias. Su valor consiste, además, en haber restituido los títulos de ambas partes, que en su primera edición rezan como sigue: El Ingenioso Hidalgo..., la primera parte, y El Ingenioso Caballero..., la segunda parte. Por último, realza la calidad de esta edición la notable biografía de Cervantes, escrita por el Sr. Máinez, así como los eruditos comentarios y notas del mismo, los cuales no se refieren sólo al lenguaje, estilo y minucias literarias e históricas, sino también al contenido, intención y mensaje de la magna novela. Sus juicios son en muchos aspectos de la obra acertados, objetivos y justos. La parte tipográfica es más bien mala. Semipiel; lomeras con filetes dorados Lúdovik Osterc |
| 500 ## - NOTA GENERAL |
| Nota general |
QM168 |
| 650 14 - PUNTO DE ACCESO ADICIONAL DE MATERIA--TÉRMINO DE MATERIA |
| Término de materia o nombre geográfico como elemento de entrada |
Novela española |
| Subdivisión cronológica |
Época clásica, 1500-1700 |
| 9 (RLIN) |
215 |
| 650 14 - PUNTO DE ACCESO ADICIONAL DE MATERIA--TÉRMINO DE MATERIA |
| Término de materia o nombre geográfico como elemento de entrada |
Literatura española |
| Subdivisión cronológica |
Época clásica, 1500-1700 |
| 9 (RLIN) |
216 |
| 650 14 - PUNTO DE ACCESO ADICIONAL DE MATERIA--TÉRMINO DE MATERIA |
| Término de materia o nombre geográfico como elemento de entrada |
Novela española |
| Subdivisión cronológica |
Siglo XVII |
| 9 (RLIN) |
217 |
| 650 14 - PUNTO DE ACCESO ADICIONAL DE MATERIA--TÉRMINO DE MATERIA |
| Término de materia o nombre geográfico como elemento de entrada |
Don Quijote (Personaje ficticio) |
| Término indicativo de función/relación |
Novela |
| 9 (RLIN) |
218 |
| 700 1# - PUNTO DE ACCESO ADICIONAL--NOMBRE DE PERSONA |
| Nombre de persona |
Máinez Fernández, Ramón León |
| Fechas asociadas al nombre |
1847-1917 |
| Término indicativo de función/relación |
Biógrafo |
| 9 (RLIN) |
7373 |
| 740 0# - PUNTO DE ACCESO ADICIONAL--TÍTULO RELACIONADO O ANALÍTICO NO CONTROLADO |
| Título relacionado o analítico no controlado |
El Ingenioso Hidalgo Don Quijote de la Mancha |
| 902 ## - CATALOGADOR |
| Iniciales |
QFM |
| 942 ## - ELEMENTOS DE PUNTO DE ACCESO ADICIONAL (KOHA) |
| Fuente del sistema de clasificación o colocación |
Library of Congress Classification |
| Tipo de ítem Koha |
Libros |